00956nai a2200217Ia 4500003000900000008004100009022002200050022002300072040001600095245007000111260008600181310001200267362002600279521006900305650005800374650003600432856008800468942000700556999001700563952015800580IN-BaIIA211028c9999 xx s 000 0 eng d a1045-9219 (Print) a1558-2183 (Online) cIIA Library 0aIEEE Transactions on Parallel and Distributed Systemsh[eJournal] aNew York, USAbThe Institute of Electrical and Electronics Engineers, Inc. (IEEE) aMonthly a1(1); 1990 - Present  bSubscribed through National Knowledge Resource Consortium (NKRC) a Communication, Networking and Broadcast Technologies aComputing and Processing948785 uhttps://ieeexplore.ieee.org/servlet/opac?punumber=71yClick Here to Access eJournal cEJ c34714d34714 00104070aBANbBANd2009-01-01eNKRCh1(1); 1990 - Present l0pEJ798r2021-11-05uhttps://ieeexplore.ieee.org/servlet/opac?punumber=71w2021-11-05yEJ